000 01018am a2200373a 44500
003 AR-BaBNM
005 20251128205407.0
008 307019s1996 #AR|||||||||||000 | spa||
020 _a950-786-114-9
040 _cAR-BaBNM
100 1 _aQuirós, E. Guillermo
245 1 0 _aPrincipios de antropología económica
_bfilósofos, antropólogos y economistas : siglos XVIII y XIX
250 _a2ª ed.
260 _aBuenos Aires
_bBiblos
_c1996
300 _a319 p.
_btablas
504 _aBibliografía: p. 317-319
600 1 4 _aRousseau, Jean-Jacques
600 1 4 _aSmith, Adam
600 1 4 _aMarx, Karl
600 1 4 _aMill, Stuart
600 1 4 _aMorgan, Lewis
600 1 4 _aTylor, Edward B.
650 4 _aECONOMIA
650 4 _aTEORIA ECONOMICA
650 4 _aSIGLO DIECIOCHO
650 4 _aSIGLO DIECINUEVE
650 4 _aFILOSOFIA
650 4 _aCLASICISMO
650 4 _aEVOLUCION
650 4 _aANTROPOLOGIA CULTURAL Y SOCIAL
653 _aECONOMIA POLITICA
942 _cBK
998 _csilvi
999 _c11243
_d11243